| 000 | 01086cam a2200373 a 4500 | ||
|---|---|---|---|
| 999 |
_c829 _d829 |
||
| 001 | 2777649 | ||
| 003 | CaAEU | ||
| 005 | 20210621091526.0 | ||
| 008 | 020621s2003 onca 001 0 eng | ||
| 016 | _a20029031095 | ||
| 020 | _a0070898669 | ||
| 035 | _aocm50143871 | ||
| 040 |
_aCaOONL _beng _cCaOONL _dCaOONL _dAGPC |
||
| 050 |
_aHG4026 _b.F85 2003 |
||
| 055 | 0 | 1 | _aHG4026 |
| 055 | 0 |
_aHG4026 _bF85 |
|
| 082 | 0 |
_a658.15 _221 |
|
| 090 |
_aHG 4026 F85 2003 _bARDC |
||
| 090 |
_aHG 4026 F85 2003 _bAGPC |
||
| 090 |
_aHG 4026 F85 2003 _bACAL |
||
| 090 |
_aHG 4026 F85 2003 _bAEU |
||
| 090 |
_aHG4026 .F86 2003 _bAEGMCT |
||
| 245 | 0 | 0 |
_aFundamentals of corporate finance / _cRichard A. Brealey ... [et al.]. |
| 250 | _a2nd Canadian ed. | ||
| 260 |
_aToronto : _bMcGraw-Hill Ryerson, _cc2003. |
||
| 300 |
_axxxi, 829 p. : _bill. ; _c26 cm. |
||
| 336 |
_atext _btxt _2rdacontent |
||
| 337 |
_aunmediated _bn _2rdamedia |
||
| 338 |
_avolume _bnc _2rdacarrier |
||
| 500 | _aIncludes index. | ||
| 650 | 0 |
_aCorporations _xFinance. |
|
| 700 | 1 | _aBrealey, Richard A. | |
| 942 |
_2lcc _cBK _nSO |
||